| 000 | 01050nam a2200265 a 4500 | ||
|---|---|---|---|
| 001 | BRCA_3931 | ||
| 005 | 20190320204500.0 | ||
| 008 | 110110s1908----nyua######---#000-0#eng-# | ||
| 041 | _aeng | ||
| 044 | _anyu | ||
| 050 | 4 |
_aE405.1 _b.T39 1908 |
|
| 100 | 1 |
_aTaylor, Zachary _d1784-1850. _910232 |
|
| 245 | 1 | 0 |
_aLetters of Zachary Taylor from the battle-fields of the Mexican war _b: reprinted from the iriginals in the collection of Mr. William K. Bixby ; of st. Louis Mo. ; with introd., biographical notes, an appendix, and ilustrations from private plates. |
| 260 |
_aRochester, Nueva York _bs.e. _c1908 |
||
| 300 |
_a194 p. _bil. _c29 cm. |
||
| 500 | _aSe imprimieron solo 300 copias para distribución privada. | ||
| 500 | _aIncluye índice de autores: p. 189-194. | ||
| 500 | _aTítulo en cubierta: Taylor Letters. | ||
| 500 | _aC82 | ||
| 600 | 1 | 4 |
_aTaylor, Zachary, _d1784-1850-Correspondencia, memorias, etc. _910233 |
| 651 | 4 |
_aMéxico _vHistoria _99143 |
|
| 651 | 4 |
_aEstados Unidos _vHistoria _910234 |
|
| 902 | _aGFM | ||
| 942 |
_2lcc _cB |
||
| 999 |
_c3658 _d3658 |
||